000 00608nam a2200241Ia 4500
003 OSt
005 20221007100346.0
006 a|||||r|||| 00| 0
007 ta
008 221006b |||||||| |||| 00| 0 eng d
024 _a4,290
037 _cTextual
040 _aLCO
_cLCO
_beng
041 _2eng
_aeng
082 _aV1N4, L8
100 _aSAKSENA K P
245 0 _aUnited Nations and collective security
260 _aDelhi
_bD K Publishing house
_c1978
300 _a450
650 _aUNITED NATIONS
942 _hV1N4, L8
_cTEXL
999 _c1173853
_d1173853